Poppy Playtime Toys encountered - Statistics

General Stats
  • This quiz has been taken 22 times
  • The average score is 14 of 21
Answer Stats
Game Answer % Correct
Chapter 1,4,5 Huggy Wuggy
100%
Chapter 2,3,4,5 Kissy Missy
100%
Chapter 2 Mommy Longlegs
100%
Chapter 1,2,3,4,5 Poppy
100%
Chapter 3 Catnap
93%
Chapter 3 Dogday
93%
Chapter 2,3,4,5 The Prototype
86%
Chapter 4,5 The Doctor
79%
Chapter 2 Bunzo Bunny
71%
Chapter 5 Giblet
71%
Chapter 5 Lily Lovebraids
71%
Chapter 4 Doey the Doughman
64%
Chapter 3 Miss Delight
64%
Chapter 2 PJ Pug-a-Pillar
64%
Chapter 4 Yarnaby
57%
Chapter 4 Baba Chops
50%
Chapter 5 Chum Chompkins
43%
Chapter 5 Bron
36%
Chapter 2,4 Mini Huggys
36%
Chapter 3 Nightmare Huggy Wuggy
36%
Chapter 4 Pianosaurus
29%
No matching quizzes found
Score Distribution
Percent of People with Each Score
Percentile by Number Answered
Your Score History
You have not taken this quiz